Cine para creer /

Na minha lista:
Detalhes bibliográficos
Autor principal: Villapalos, Gustavo (autor)
Outros Autores: San Miguel, Enrique (autor) (autor)
Formato: Livro
Idioma:espanhol
Publicado em: Barcelona, España : Planeta, 2002, c2002
Colecção:(Planeta Testimonio)
Assuntos:
Tags: Adicionar Tag
Sem tags, seja o primeiro a adicionar uma tag!

MARC

LEADER 00000nam^a2200000^a^4500
001 000301304
005 20250521000000.0
009 20260310112539.431
020 |a 84-08-04514-8 
037 |a Acervo ITESO - Biblioteca 
041 |a ESP 
082 |a 302. 235313  |b VIL 
100 |a Villapalos, Gustavo  |e (autor) 
245 1 0 |a Cine para creer /  |c G. Villapalos, E. San Miguel. 
264 4 |a Barcelona, España :  |b Planeta,  |c 2002, c2002 
300 |a 330 p. 
336 |a texto  |b txt  |2 rdacontenido 
337 |a sin mediación  |b n  |2 rdamedio 
338 |a volumen  |b nc  |2 rdasoporte 
440 1 |a (Planeta Testimonio) 
649 |a XX 
650 |a Fe en el Cine -  |x Historia y Crítica 
650 |a Sacramentos en el Cine -  |x Historia y Crítica 
650 |a Religión en el Cine -  |x Catálogos 
650 |a Religión en el Cine -  |x Historia y Crítica -  |x Tema Principal 
650 |a Cine -  |x Historia y Crítica 
650 |a Cine -  |y Siglo XX 
650 |a Cine -  |y 2000-2009 
650 |a Cine -  |y Siglo XXI 
650 |a Oración (Religión) 
650 |a Catolicismo 
650 |a Cristianismo 
700 |a San Miguel, Enrique  |e (autor) 
910 |a Fondo General 
920 |a Impresos - Libros 
930 |a Colección General 
905 |a 101 
901 |a 0500187105  |b IT1  |c ACC  |i C121312  |u 20250521 
902 |a https://opac.biblio.iteso.mx/vufind/Record/000301304